| 000 -LEADER |
| fixed length control field |
00431cam a22001457a 4500 |
| 008 - FIXED-LENGTH DATA ELEMENTS--GENERAL INFORMATION |
| fixed length control field |
180718b1962 xxu||||| |||| 00| 0 eng d |
| 082 ## - DEWEY DECIMAL CLASSIFICATION NUMBER |
| Classification number |
B1243x51 D558 |
| 100 ## - MAIN ENTRY--PERSONAL NAME |
| Personal name |
Dicker, Herman |
| 245 ## - TITLE STATEMENT |
| Title |
Wanderers and settlers in the Far East: a century of Jewish life in China and Japan |
| Statement of responsibility, etc. |
by Herman Dicker |
| 260 ## - PUBLICATION, DISTRIBUTION, ETC. |
| Place of publication, distribution, etc. |
New York |
| Name of publisher, distributor, etc. |
Twayne |
| Date of publication, distribution, etc. |
1962 |
| 300 ## - PHYSICAL DESCRIPTION |
| Extent |
207p. |
| 500 ## - GENERAL NOTE |
| General note |
$4.00 |
| 650 ## - SUBJECT ADDED ENTRY--TOPICAL TERM |
| Topical term or geographic name entry element |
Jews in Japan |
| 650 ## - SUBJECT ADDED ENTRY--TOPICAL TERM |
| Topical term or geographic name entry element |
Jews in China |